Statistics for Fallen Kingdom Lyrics

Click here to take the quiz!

General Stats

  • This quiz has been taken 5 times
  • The average score is 82 of 313

Answer Stats

Answer% Correct
I
100%
the
100%
The
100%
to
100%
us
100%
a
67%
in
67%
rule
67%
skeletons
67%
used
67%
world
67%
and
33%
And
33%
by
33%
creepers
33%
eyes
33%
fall
33%
into
33%
it
33%
It
33%
me
33%
mobs
33%
my
33%
Now
33%
one
33%
One
33%
That
33%
that
33%
They
33%
Villagers
33%
was
33%
was,
33%
we
33%
were
33%
what
33%
when
33%
why
33%
would
33%
all
0%
around,
0%
Arrows
0%
As
0%
at
0%
away
0%
Away
0%
battle
0%
become
0%
began
0%
better
0%
Better
0%
blade
0%
Blew
0%
block
0%
boundless
0%
bow
0%
boxed
0%
broken
0%
but
0%
call
0%
chaos
0%
cheer
0%
choires
0%
choirs
0%
Chunks
0%
could
0%
cried
0%
day
0%
dead?
0%
Destruction
0%
doors
0%
down
0%
every
0%
evil
0%
Families
0%
feet
0%
fight
0%
For
0%
for
0%
forced
0%
from
0%
gave
0%
gaze
0%
gazed
0%
go
0%
had
0%
hand
0%
help,
0%
hero
0%
Herobrine
0%
hide
0%
hope
0%
If
0%
itself
0%
know
0%
land
0%
leave
0%
Life
0%
light
0%
like
0%
load
0%
looked
0%
minute
0%
name
0%
Never
0%
next
0%
night
0%
Note
0%
numb
0%
of
0%
off
0%
Oh,
0%
once
0%
our
0%
pick
0%
playing
0%
roamed
0%
ruled
0%
say
0%
should
0%
skyline
0%
slain
0%
slay
0%
stand
0%
stay
0%
stood
0%
stow
0%
streaks
0%
street
0%
sunshine
0%
suspended
0%
sword
0%
take
0%
terrified
0%
that's
0%
their
0%
there
0%
they'd
0%
this
0%
thread
0%
time
0%
tried
0%
Turn
0%
turns
0%
undead
0%
up
0%
wasn't
0%
way
0%
whizzing
0%
wield
0%
will
0%
word
0%
yield
0%

Score Distribution

Percentile by Number Answered

Percent of People with Each Score

Your Score History

You have not taken this quiz